Carta informativa del CREFAL. (Record no. 6839)
[ view plain ]
| 000 -CABECERA | |
|---|---|
| campo de control de longitud fija | 00577nam a2200181 a 4500 |
| 005 - FECHA Y HORA DE LA ÚLTIMA TRANSACCIÓN | |
| campo de control | 20250829063930.0 |
| 008 - ELEMENTOS DE LONGITUD FIJA--INFORMACIÓN GENERAL | |
| campo de control de longitud fija | 991125s1971 mx 000 0 spa u |
| 035 ## - NÚMERO DE CONTROL DEL SISTEMA | |
| Número de control de sistema | UPN01000006839 |
| 049 ## - COLECCIÓN | |
| Colección | UNE |
| 050 #4 - SIGNATURA TOPOGRÁFICA DE LA BIBLIOTECA DEL CONGRESO | |
| Número de clasificación | LC149 |
| Número de documento/Ítem | C3.7 1971 |
| 245 00 - MENCIÓN DE TÍTULO | |
| Título | Carta informativa del CREFAL. |
| 260 ## - PUBLICACIÓN, DISTRIBUCIÓN, ETC. | |
| Lugar de publicación, distribución, etc. | Pátzcuaro, Mich. : |
| Nombre del editor, distribuidor, etc. | CREFAL : |
| -- | UNESCO, |
| Fecha de publicación, distribución, etc. | 1971. |
| 300 ## - DESCRIPCIÓN FÍSICA | |
| Extensión | 120 p., [6] p. de láms. : |
| Otras características físicas | il. |
| 500 ## - NOTA GENERAL | |
| Nota general | "Número especial. XX aniversario. v.4, no. 15 (mayo 1971)" |
| 500 ## - NOTA GENERAL | |
| Nota general | También localizas ejemplares en Colección General |
| 650 #4 - ASIENTO SECUNDARIO DE MATERIA - TERMINO TEMATICO | |
| Término de materia o nombre geográfico como elemento de entrada | Analfabetismo |
| 9 (RLIN) | 4901 |
| 905 ## - TIPO DE MATERIAL | |
| Tipo de material | Libro |
| Estado de retiro | Estado de pérdida | Fuente del sistema de clasificación o colocación | Estado dañado | No para préstamo | Código de colección | Localización permanente | Ubicación/localización actual | Ubicación en estantería | Fecha de adquisición | Total de préstamos | Clasificación | Código de barras | Fecha visto por última vez | Fecha del último préstamo | Número de copia | Tipo de ítem Koha | Enumeración/cronología de publicación seriada |
|---|---|---|---|---|---|---|---|---|---|---|---|---|---|---|---|---|---|
| Library of Congress Classification | Colección General | Bib. Gregorio Torres Quintero | Bib. Gregorio Torres Quintero | Planta baja | 15/03/2024 | 1 | LC149 C3.7 1971 | 20264 | 24/04/2024 | 15/03/2024 | 1 | Libro | |||||
| Library of Congress Classification | En proceso | Colección General | Bib. Gregorio Torres Quintero | Bib. Gregorio Torres Quintero | Planta baja | LC149 C4.2 1971 | 20263 | 31/12/2020 | 1 | Libro | correg. clas. | ||||||
| Library of Congress Classification | Disponible (Préstamo en sala) | UNESCO | Bib. Gregorio Torres Quintero | Bib. Gregorio Torres Quintero | Colecciones especiales Planta alta | 03/02/2023 | LC149 C3.7 1971 | 20262 | 31/12/2020 | 1 | Libro |
